| 000 | 02141nam a2200337Ia 4500 | ||
|---|---|---|---|
| 999 |
_c55589 _d55589 |
||
| 001 | 22684 | ||
| 003 | GE_BSU | ||
| 005 | 20230412113037.0 | ||
| 008 | 181216s ||||ge |||||||||||||| ||geo|| | ||
| 020 | _a9789941275456 | ||
| 040 | _cGE_BSU | ||
| 041 | _ageo | ||
| 080 | _a070(479.22)(09)+821.353.1-92 ე-35 | ||
| 245 |
_aევროპა როგორც მასწავლებელი, ევროპა XIX საუკუნის ქართულ პრესაში = Europe as a teacher, Europe in the 19th-century georgian press : _cრედაქტორები : გიორგი საბანაძე, ემზარ ჯგერენაია ; გამოცემაზე მუშაობდნენ : ნინო გედენიძე, ხათუნა დავითური, თეა კენჭოშვილი [და სხვ.]. |
||
| 264 |
_aთბილისი : _bმერიდიანი, _c2017. |
||
| 300 |
_a366 გვ. ; _c23 სმ. |
||
| 500 | _aეძღვნება ილია ჭავჭავაძის დაბადების 180 წლისთავს | ||
| 501 | _aპირთა საძიებელი : გვ. 358-360 | ||
| 501 | _aადგილთა საძიებელი : გვ. 361-365 | ||
| 520 | _aეძღვნება ილია ჭავჭავაძის დაბადების 180 წლისთავს. | ||
| 541 | _h5ლ. | ||
| 653 | _aEurope as a teacher | ||
| 653 | _aEurope in the 19th-century georgian press | ||
| 653 | _aევროპა როგორც მასწავლებელი | ||
| 653 | _a ევროპა XIX საუკუნის ქართულ პრესაში | ||
| 653 | _aჟურნალისტიკა | ||
| 653 | _aქართული ჟურნალისტიკის ისტორია | ||
| 700 |
_aსაბანაძე, გიორგი _eრედაქტორი _917625 |
||
| 700 |
_aჯგერენაია, ემზარ _eრედაქტორი _917626 |
||
| 942 |
_cBK _2udc |
||